Macro economics (Record no. 10988)
[ view plain ]
| 000 -LEADER | |
|---|---|
| fixed length control field | 00479cam a2200193ua 4500 |
| 001 - CONTROL NUMBER | |
| control field | 12241 |
| 005 - DATE AND TIME OF LATEST TRANSACTION | |
| control field | 20260515114844.0 |
| 008 - FIXED-LENGTH DATA ELEMENTS--GENERAL INFORMATION | |
| fixed length control field | 200812n ii |||gr||||Z||||||eng |
| 020 ## - INTERNATIONAL STANDARD BOOK NUMBER | |
| International Standard Book Number | 9789327270747 |
| 040 ## - CATALOGING SOURCE | |
| Transcribing agency | MAIN |
| 082 ## - DEWEY DECIMAL CLASSIFICATION NUMBER | |
| Classification number | 339.01 |
| 100 ## - MAIN ENTRY--PERSONAL NAME | |
| Personal name | P N Chopra, |
| Relator term | Author. |
| 245 ## - TITLE STATEMENT | |
| Title | Macro economics |
| Statement of responsibility, etc. | By P N Chopra |
| 250 ## - EDITION STATEMENT | |
| Edition statement | 1st ed. |
| 260 ## - PUBLICATION, DISTRIBUTION, ETC. | |
| Place of publication, distribution, etc. | New Delhi: |
| Name of publisher, distributor, etc. | kalyani publishers, |
| Date of publication, distribution, etc. | 2020. |
| 300 ## - PHYSICAL DESCRIPTION | |
| Extent | 401p. |
| 653 ## - INDEX TERM--UNCONTROLLED | |
| Uncontrolled term | Macroeconomics & related topics |
| 942 ## - ADDED ENTRY ELEMENTS (KOHA) | |
| Koha item type | Books |
| Withdrawn status | Lost status | Damaged status | Not for loan | Home library | Current library | Shelving location | Date acquired | Total checkouts | Full call number | Barcode | Date last seen | Date last checked out | Copy number | Price effective from | Koha item type |
|---|---|---|---|---|---|---|---|---|---|---|---|---|---|---|---|
| Naharkatiya College Library | Naharkatiya College Library | General stacks | 09/19/2020 | 11 | 339.01Macro economics | CHO | 28366 | 05/16/2023 | 04/20/2023 | 5 | 09/19/2020 | Books | ||||
| Naharkatiya College Library | Naharkatiya College Library | General stacks | 09/19/2020 | 11 | 339.01Macro economics | CHO | 28367 | 05/16/2023 | 04/24/2023 | 4 | 09/19/2020 | Books | ||||
| Naharkatiya College Library | Naharkatiya College Library | General stacks | 09/19/2020 | 10 | 339.01Macro economics | CHO | 28368 | 12/07/2024 | 11/18/2024 | 3 | 09/19/2020 | Books | ||||
| Naharkatiya College Library | Naharkatiya College Library | General stacks | 09/19/2020 | 16 | 339.01Macro economics | CHO | 28369 | 08/26/2025 | 05/03/2024 | 2 | 09/19/2020 | Books | ||||
| Naharkatiya College Library | Naharkatiya College Library | General stacks | 09/19/2020 | 11 | 339.01Macro economics | CHO | 28370 | 05/15/2024 | 05/10/2024 | 1 | 09/19/2020 | Books |